[Event "XI Torneo Banco di Roma B"]
[Site "Roma ITA"]
[Date "1988.02.??"]
[Round "7"]
[White "Bellia, Fabrizio"]
[Black "Belotti, Bruno"]
[WhiteElo "2265"]
[BlackElo "2340"]
[Result "1/2-1/2"]
[PlyCount "92"]
[EventDate "1988.02.20"]

1. e4 c5 2. Nf3 d6 3. d4 cxd4 4. Nxd4 Nf6 5. Nc3 Nc6 6. Be2 e6 7. O-O Be7 8.
Be3 O-O 9. f4 a6 10. Kh1 Qc7 11. Qe1 Bd7 12. Qg3 Rac8 13. Rad1 Kh8 14. a4 Nb4
15. Rd2 d5 16. e5 Ne4 17. Nxe4 dxe4 18. b3 Qc3 19. Bc4 Bc5 20. Rfd1 b5 21. axb5
Bxb5 22. Nxb5 axb5 23. Bxc5 Qxg3 24. Bxf8 Qxf4 25. Bxb4 h5 26. Bxb5 e3 27. Rd8+
Rxd8 28. Rxd8+ Kh7 29. Bd3+ g6 30. Be1 Qxe5 31. Be2 g5 32. Kg1 h4 33. Rd3 f5
34. h3 Qf4 35. c3 e5 36. c4 g4 37. Rd7+ Kg6 38. c5 gxh3 39. gxh3 Qe4 40. Rd6+
Kg5 41. c6 Qc2 42. Bc4 f4 43. c7 f3 44. Rg6+ Kxg6 45. Bd3+ Qxd3 46. c8=Q f2+
1/2-1/2

[Event "XI Torneo Banco di Roma B"]
[Site "Roma ITA"]
[Date "1988.02.??"]
[Round "7"]
[White "Cocozza, Mario"]
[Black "Bukal, Vladimir sr"]
[WhiteElo "2315"]
[BlackElo "2415"]
[Result "1-0"]
[PlyCount "115"]
[EventDate "1988.02.20"]

1. c4 c5 2. Nc3 g6 3. g3 Bg7 4. Bg2 Nc6 5. d3 d6 6. e4 Nd4 7. Be3 a6 8. Nge2 h5
9. h3 Rb8 10. a4 e5 11. O-O h4 12. g4 Bxg4 13. hxg4 h3 14. Ng3 hxg2 15. Kxg2
Ne6 16. Nd5 Rh4 17. Rh1 Rxh1 18. Qxh1 Nf6 19. f3 Nxd5 20. exd5 Nf4+ 21. Bxf4
exf4 22. Ne4 Bxb2 23. Re1 Kd7 24. Qh6 Be5 25. d4 cxd4 26. c5 dxc5 27. Nxc5+ Kd6
28. Nd3 Qa5 29. Rxe5 Qd2+ 30. Kg1 Qxd3 31. Qxf4 Kc5 32. Re1 Rc8 33. Rc1+ Qc3
34. d6 Kc6 35. Kf2 b5 36. Rxc3+ dxc3 37. d7 Kxd7 38. Qxf7+ Kd8 39. Qg8+ Kd7 40.
Qf7+ Kd8 41. Qd5+ Ke7 42. Qe4+ Kd8 43. Qc2 b4 44. Ke2 b3 45. Qxb3 c2 46. Qd3+
Ke7 47. Qe3+ Kd7 48. Qc1 Rc6 49. a5 g5 50. Kd2 Rc5 51. Qxc2 Rxc2+ 52. Kxc2 Kd6
53. Kd3 Kd5 54. Ke3 Ke5 55. f4+ gxf4+ 56. Kf3 Kf6 57. Kxf4 Kg6 58. Ke5 1-0

[Event "XI Torneo Banco di Roma B"]
[Site "Roma ITA"]
[Date "1988.02.??"]
[Round "7"]
[White "Hansen, Lars Bo"]
[Black "Sibilio, Mario"]
[WhiteElo "2365"]
[BlackElo "2320"]
[Result "1-0"]
[PlyCount "79"]
[EventDate "1988.02.20"]

1. d4 g6 2. c4 Bg7 3. Nc3 d6 4. e4 c6 5. Be2 Qb6 6. Nf3 Bg4 7. Na4 Qc7 8. Be3
Nf6 9. Nc3 O-O 10. O-O e5 11. d5 c5 12. Nd2 Bxe2 13. Qxe2 Qe7 14. a3 Nbd7 15.
b4 b6 16. Nb3 Nh5 17. bxc5 Nxc5 18. Nxc5 bxc5 19. Rab1 Rfb8 20. Qc2 Qd7 21.
Rxb8+ Rxb8 22. Rb1 Rxb1+ 23. Qxb1 Nf4 24. f3 f5 25. g3 Nh3+ 26. Kg2 f4 27. Bd2
Ng5 28. g4 h5 29. Qb5 Qe7 30. Qb8+ Bf8 31. Qc8 Kg7 32. Nb5 a6 33. Nc3 hxg4 34.
Qxg4 Qb7 35. Kf2 Qb2 36. Ke2 Nf7 37. a4 Qc2 38. h4 Kf6 39. Qc8 a5 40. Qxf8 1-0

[Event "XI Torneo Banco di Roma B"]
[Site "Roma ITA"]
[Date "1988.02.??"]
[Round "7"]
[White "Nikolic, Stanimir"]
[Black "Passerotti, Pierluigi"]
[WhiteElo "2335"]
[BlackElo "2350"]
[Result "0-1"]
[PlyCount "166"]
[EventDate "1988.02.20"]

1. d4 d5 2. Nf3 Nf6 3. e3 c6 4. Bd3 Bg4 5. b3 Nbd7 6. Bb2 Bxf3 7. gxf3 g6 8.
Nd2 a5 9. a4 Bg7 10. f4 e6 11. Rb1 O-O 12. Nf1 Qe7 13. Ng3 Rfb8 14. Qe2 b5 15.
axb5 cxb5 16. O-O b4 17. Ra1 Qd8 18. Ra2 Bf8 19. Rfa1 Bd6 20. Kh1 Bc7 21. Qf3
Qf8 22. Rg1 Qh6 23. f5 Qh3 24. fxe6 fxe6 25. Qg2 Qxg2+ 26. Kxg2 Kf7 27. f4 Rg8
28. h4 Ng4 29. Kf3 Nh2+ 30. Kf2 Nf6 31. Rh1 Nhg4+ 32. Kf3 h5 33. Bc1 Nh6 34.
Bd2 Nf5 35. Ne2 Rgb8 36. Be1 Bd8 37. Bf2 Ng4 38. Bxf5 gxf5 39. Nc1 Rc8 40. Nd3
Rc3 41. Be1 Rcc8 42. Bd2 Rab8 43. Rc1 Rb5 44. Be1 Bb6 45. Ke2 Ke8 46. Bd2 Ke7
47. c3 bxc3 48. Rxc3 Rxc3 49. Bxc3 Nf6 50. b4 Ne4 51. Be1 axb4 52. Nxb4 Kf6 53.
Nd3 Bc7 54. Ra7 Bb8 55. Rd7 Bd6 56. Ne5 Rb2+ 57. Kd1 Bxe5 58. dxe5+ Kg6 59. Re7
Rb1+ 60. Ke2 Rb2+ 61. Kd3 Rb3+ 62. Kc2 Rxe3 63. Bb4 Rf3 64. Rxe6+ Kg7 65. Re7+
Kg6 66. Rd7 Rxf4 67. Bf8 Rf2+ 68. Kd1 f4 69. e6 f3 70. Rg7+ Kf6 71. e7 Rd2+ 72.
Kc1 f2 73. e8=N+ Ke5 74. Rf7 Re2 75. Bh6 Re1+ 76. Kc2 f1=Q 77. Rxf1 Rxf1 78.
Ng7 Kd4 79. Nxh5 Kc4 80. Nf4 Rf2+ 81. Kd1 d4 82. Nh3 Rh2 83. Ng5 Rh1+ 0-1

[Event "XI Torneo Banco di Roma B"]
[Site "Roma ITA"]
[Date "1988.02.??"]
[Round "7"]
[White "Schneider, Attila"]
[Black "Partos, Charles"]
[WhiteElo "2420"]
[BlackElo "2385"]
[Result "1-0"]
[PlyCount "89"]
[EventDate "1988.02.20"]

1. d4 d5 2. c4 e6 3. Nf3 Nf6 4. Nc3 Be7 5. Bg5 h6 6. Bh4 O-O 7. e3 b6 8. Bd3
Bb7 9. O-O Nbd7 10. Qe2 c5 11. Rac1 Ne4 12. Bg3 Nxg3 13. hxg3 dxc4 14. Bxc4 Bf6
15. Rfd1 Qe7 16. Ba6 Bc6 17. Bb5 Bxb5 18. Nxb5 Rfc8 19. dxc5 Rxc5 20. Rxc5 Nxc5
21. b4 Na6 22. a3 Nc7 23. Nbd4 Bxd4 24. Nxd4 Nd5 25. Qc4 a5 26. e4 Qc7 27. Nc6
Nf6 28. b5 Kh8 29. Qd4 Rc8 30. f3 Ng8 31. Qd6 Nf6 32. a4 g5 33. Qd4 Kg7 34. Kf2
h5 35. Rd2 Rh8 36. Qe3 Kg6 37. Qc3 Kg7 38. Rc2 h4 39. gxh4 Rxh4 40. Qe5 Qxe5
41. Nxe5 Ne8 42. Rc6 Rh1 43. Nd7 Ra1 44. Nxb6 Ra2+ 45. Ke3 1-0

[Event "XI Torneo Banco di Roma B"]
[Site "Roma ITA"]
[Date "1988.02.??"]
[Round "8"]
[White "Bukal, Vladimir sr"]
[Black "Nikolic, Stanimir"]
[WhiteElo "2415"]
[BlackElo "2335"]
[Result "1/2-1/2"]
[PlyCount "27"]
[EventDate "1988.02.20"]

1. c4 e5 2. Nc3 c5 3. g3 f5 4. Bg2 Nf6 5. d3 h6 6. e4 Nc6 7. Nd5 d6 8. Ne2 Be7
9. Nec3 O-O 10. O-O fxe4 11. dxe4 Nd4 12. Be3 Ne6 13. h3 Qd7 14. Kh2 1/2-1/2

[Event "XI Torneo Banco di Roma B"]
[Site "Roma ITA"]
[Date "1988.02.??"]
[Round "8"]
[White "Hansen, Lars Bo"]
[Black "Cocozza, Mario"]
[WhiteElo "2365"]
[BlackElo "2315"]
[Result "1/2-1/2"]
[PlyCount "28"]
[EventDate "1988.02.20"]

1. d4 Nf6 2. c4 g6 3. Nc3 d5 4. Bf4 Bg7 5. e3 O-O 6. Rc1 c5 7. dxc5 Be6 8. Nf3
Qa5 9. Be2 Rd8 10. Ng5 Nc6 11. Nxe6 fxe6 12. Qa4 Qxc5 13. Qb5 Qxb5 14. cxb5 Nb8
1/2-1/2

[Event "XI Torneo Banco di Roma B"]
[Site "Roma ITA"]
[Date "1988.02.??"]
[Round "8"]
[White "Partos, Charles"]
[Black "Bellia, Fabrizio"]
[WhiteElo "2385"]
[BlackElo "2265"]
[Result "1/2-1/2"]
[PlyCount "114"]
[EventDate "1988.02.20"]

1. c4 c6 2. d4 d5 3. Nf3 Nf6 4. Nc3 dxc4 5. a4 Bf5 6. e3 e6 7. Bxc4 Bb4 8. O-O
Nbd7 9. Qe2 Bg6 10. Rd1 Qc7 11. h3 O-O 12. Nh4 e5 13. Nxg6 hxg6 14. Qc2 exd4
15. exd4 Nd5 16. Qb3 Nxc3 17. bxc3 Bd6 18. Bd3 c5 19. a5 Rfc8 20. Be4 Rab8 21.
Qb5 Nf6 22. Bf3 cxd4 23. cxd4 Qc4 24. Rb1 b6 25. Be3 Ne8 26. axb6 axb6 27. Qb2
Qc2 28. Rd2 Qc7 29. Qb3 b5 30. Bg4 Rd8 31. Rc2 Qe7 32. Rc6 b4 33. Ra6 Nf6 34.
Be2 Ne4 35. Rba1 Rd7 36. Ra8 Rxa8 37. Rxa8+ Kh7 38. Bf3 Rc7 39. Ra6 Nf6 40. Bd2
Ne8 41. Kf1 Nf6 42. g4 Ra7 43. Rxa7 Qxa7 44. g5 Nh5 45. Bxh5 gxh5 46. Bxb4 Qxd4
47. Bxd6 Qxd6 48. Qxf7 Qd3+ 49. Kg2 Qe4+ 50. Qf3 Qg6 51. Qd5 Qc2 52. Kg3 Qc7+
53. f4 Qc3+ 54. Kh4 Qe1+ 55. Kxh5 g6+ 56. Kg4 Qg1+ 57. Kh4 Qe1+ 1/2-1/2

[Event "XI Torneo Banco di Roma B"]
[Site "Roma ITA"]
[Date "1988.02.??"]
[Round "8"]
[White "Passerotti, Pierluigi"]
[Black "Schneider, Attila"]
[WhiteElo "2350"]
[BlackElo "2420"]
[Result "1/2-1/2"]
[PlyCount "43"]
[EventDate "1988.02.20"]

1. Nf3 Nf6 2. c4 c5 3. Nc3 e6 4. g3 b6 5. Bg2 Bb7 6. O-O Be7 7. d4 cxd4 8. Qxd4
d6 9. Rd1 a6 10. b3 Nbd7 11. Bb2 O-O 12. Ng5 Bxg2 13. Kxg2 Qc7 14. Nge4 Rfd8
15. Nxf6+ Nxf6 16. a4 Bf8 17. f3 Rac8 18. Rac1 Qb7 19. Ba3 Be7 20. Bb2 Bf8 21.
Ba3 Be7 22. Bb2 1/2-1/2

[Event "XI Torneo Banco di Roma B"]
[Site "Roma ITA"]
[Date "1988.02.??"]
[Round "8"]
[White "Sibilio, Mario"]
[Black "Belotti, Bruno"]
[WhiteElo "2320"]
[BlackElo "2340"]
[Result "1/2-1/2"]
[PlyCount "101"]
[EventDate "1988.02.20"]

1. Nf3 Nf6 2. g3 b6 3. Bg2 Bb7 4. d3 d5 5. O-O c5 6. Bg5 e6 7. e4 Be7 8. Nc3
dxe4 9. Nd2 Nd5 10. Bxe7 Qxe7 11. Nxd5 exd5 12. c4 O-O 13. cxd5 Bxd5 14. Qh5
Bb7 15. Rae1 f5 16. dxe4 f4 17. Qg4 fxg3 18. Qxg3 Nc6 19. f4 Rad8 20. Nc4 Ba6
21. b3 Nb4 22. e5 Rd3 23. Rf3 Rxf3 24. Bxf3 Nc2 25. Re2 Nd4 26. Rf2 Kh8 27. Nd6
g5 28. Bh5 gxf4 29. Rxf4 Rxf4 30. Qxf4 Kg8 31. Kf2 Nc6 32. Nf7 Bc8 33. h4 Nd4
34. Ng5 Bf5 35. Nf3 Nxf3 36. Bxf3 Be6 37. Be4 Qg7 38. h5 Qf7 39. Qxf7+ Bxf7 40.
h6 Be6 41. Ke3 b5 42. Kf4 c4 43. bxc4 Bxc4 44. a3 a5 45. Kg5 b4 46. axb4 axb4
47. Kf6 b3 48. e6 Bxe6 49. Kxe6 b2 50. Ke7 b1=Q 51. Bxb1 1/2-1/2

[Event "XI Torneo Banco di Roma B"]
[Site "Roma ITA"]
[Date "1988.02.??"]
[Round "9"]
[White "Bellia, Fabrizio"]
[Black "Passerotti, Pierluigi"]
[WhiteElo "2265"]
[BlackElo "2350"]
[Result "0-1"]
[PlyCount "74"]
[EventDate "1988.02.20"]

1. e4 c5 2. Nf3 d6 3. d4 cxd4 4. Nxd4 Nf6 5. Nc3 g6 6. Bc4 Bg7 7. f3 O-O 8. Be3
Nc6 9. Qd2 Bd7 10. O-O-O Rc8 11. Bb3 Ne5 12. h4 Nc4 13. Bxc4 Rxc4 14. h5 Nxh5
15. g4 Nf6 16. Nde2 Re8 17. Bh6 Bh8 18. e5 Nxg4 19. fxg4 Bxe5 20. Bf4 Qa5 21.
Bxe5 Qxe5 22. Qh6 Qg7 23. g5 Bc6 24. Rh2 Qxh6 25. Rxh6 Rg4 26. Rg1 Rxg1+ 27.
Nxg1 Kg7 28. Rh2 Rh8 29. Kd2 f6 30. gxf6+ exf6 31. Re2 h5 32. Re7+ Kf8 33. Re6
Kf7 34. Rxd6 h4 35. Nd5 Bxd5 36. Rxd5 Ke6 37. Rd3 g5 0-1

[Event "XI Torneo Banco di Roma B"]
[Site "Roma ITA"]
[Date "1988.02.??"]
[Round "9"]
[White "Cocozza, Mario"]
[Black "Sibilio, Mario"]
[WhiteElo "2315"]
[BlackElo "2320"]
[Result "1-0"]
[PlyCount "61"]
[EventDate "1988.02.20"]

1. c4 Nf6 2. Nc3 g6 3. d4 Bg7 4. e4 O-O 5. Bg5 c5 6. d5 h6 7. Be3 d6 8. f3 e6
9. Qd2 exd5 10. cxd5 Nfd7 11. Nge2 Ne5 12. Ng3 h5 13. Be2 b6 14. O-O a6 15. a4
Ra7 16. Rab1 Rc7 17. Rfc1 h4 18. Nh1 f5 19. Nf2 h3 20. f4 hxg2 21. fxe5 f4 22.
Bxf4 Rxf4 23. Qxf4 Bxe5 24. Qf3 Rh7 25. h3 Qh4 26. Rd1 Bg3 27. Rd3 Be5 28. Qxg2
Nd7 29. Qg4 Qd8 30. Bf1 Nf6 31. Qg5 1-0

[Event "XI Torneo Banco di Roma B"]
[Site "Roma ITA"]
[Date "1988.02.??"]
[Round "9"]
[White "Schneider, Attila"]
[Black "Bukal, Vladimir sr"]
[WhiteElo "2420"]
[BlackElo "2415"]
[Result "1/2-1/2"]
[PlyCount "21"]
[EventDate "1988.02.20"]

1. c4 c5 2. Nc3 Nf6 3. Nf3 e6 4. g3 d5 5. cxd5 exd5 6. d4 Nc6 7. Bg2 Be7 8. O-O
O-O 9. Bg5 cxd4 10. Nxd4 h6 11. Be3 1/2-1/2